000 00457nam a2200181Ia 4500
008 230524s9999 xx 000 0 und d
020 _a9789380026091
082 _a621.31042
_bASH
100 _aImtiaz Ashraf
_943010
245 0 _aElectrical Machines
250 _a1
260 _aNew Delhi
_bI.K.International
_c2013
300 _a"XVI,507p;"
500 _aQuantity Number: 1
650 _aElectrical
700 _aM.A. Mallick
_943011
942 _cBK
999 _c57955
_d57955